[Event "XIII Figueira da Foz Open 2019"]
[Site "Figueira da Foz"]
[Date "2019.11.01"]
[Round "7.12"]
[White "Adams, Philip"]
[Black "Guerreiro, Nuno"]
[Result "0-1"]
[WhiteElo "1993"]
[BlackElo "2069"]
[Annotator "NA RC"]
[PlyCount "86"]
[EventDate "2019.10.27"]
[EventType "swiss"]
[EventCountry "POR"]
[SourceTitle "playchess.com"]
[Source "ChessBase"]
[SourceQuality "1"]
[TimeControl "40/5400+30:1800+30"]

1. e4 {[%emt 0:00:00]} Nc6 {[%emt 0:01:20]} 2. Nf3 {[%emt 0:00:00]} g6 {[%emt 0:00:18]} 3. d4 {[%emt 0:00:14]} Bg7 {[%emt 0:00:08]} 4. d5 Nb8 {[%emt 0:00:09]} 5. Bc4 {[%emt 0:02:45]} d6 {[%emt 0:00:10]} 6. h3 {[%emt 0:00:38]} Nf6 {[%emt 0:00:17]} 7. Nc3 {[%emt 0:00:29]} O-O {[%emt 0:00:10]} 8. O-O {[%emt 0:00:13]} c6 {[%emt 0:00:28]} 9. a4 {[%emt 0:00:33]} Nbd7 {[%emt 0:01:21] B08: Pirc Defence: Classical System} 10. a5 $146 {[%emt 0:02:38]} ({Predecessor:} 10. Re1 Qc7 11. Ba2 Nc5 12. Bf4 Qb6 13. e5 Qxb2 14. Qd2 Nfe4 15. Nxe4 Nxe4 16. Qe3 dxe5 17. Bxe5 Bxe5 18. Nxe5 Qxe5 19. Qxe4 Qxe4 20. Rxe4 {0-1 (50) Huschenbeth,N (2596)-Moussard,J (2567) Bastia 2017}) 10... b5 {[%emt 0:03:01]} 11. axb6 {[%emt 0:01:18]} Nxb6 {[%emt 0:00:11]} 12. Bb3 {[%emt 0:03:45]} c5 {[%emt 0:04:12]} 13. Re1 {[%emt 0:04:26]} Nfd7 {[%emt 0:06:21]} 14. Bf4 {[%emt 0:20:12]} Bxc3 {[%emt 0:07:07]} 15. bxc3 {[%emt 0:00:06]} f6 {[%emt 0:00:07]} 16. Bh6 {[%emt 0:03:16]} Re8 {[%emt 0:01:42]} 17. Ba4 {[%emt 0:18:58]} Nxa4 {[%emt 0:00:54]} 18. Rxa4 {[%emt 0:00:01]} Nb6 {[%emt 0:00:53]} 19. Ra2 {[%emt 0:01:18]} a5 {[%emt 0:01:23]} 20. Qd2 {[%emt 0:00:59]} a4 {[%emt 0:01:40]} 21. Qf4 {[%emt 0:06:23]} e5 {[%emt 0:04:09]} 22. Qg3 {[%emt 0:00:32]} Kh8 {[%emt 0:04:27]} 23. h4 {[%emt 0:02:31]} Qd7 {[%emt 0:02:02]} 24. Nh2 {[%emt 0:07:02]} f5 {[%emt 0:12:32]} 25. f4 {[%emt 0:03:29]} fxe4 {[%emt 0:01:55]} 26. fxe5 {[%emt 0:03:17]} dxe5 {[%emt 0:04:26]} 27. Rd1 {[%emt 0:05:40]} (27. c4 $5) 27... Nc4 {[%emt 0:01:10]} 28. d6 $2 {[%emt 0:02:36]} (28. Rda1 $11) 28... Nxd6 {[%emt 0:03:13]} 29. Qg5 {[%emt 0:01:26]} Qd8 {[%emt 0:03:39]} 30. Qg3 {[%emt 0:03:22]} Qe7 {[%emt 0:00:56]} 31. Bg5 {[%emt 0:01:01]} Nf5 {[%emt 0:04:18]} 32. Qe1 {[%emt 0:00:44]} Qf7 {[%emt 0:02:31]} 33. Raa1 {[%emt 0:02:30]} h6 {[%emt 0:00:56]} 34. Bc1 {[%emt 0:00:27]} Kh7 {[%emt 0:08:09]} 35. g4 {[%emt 0:01:16]} (35. Ng4 $17) 35... Bb7 {[%emt 0:04:26]} 36. gxf5 {[%emt 0:00:38]} gxf5 {[%emt 0:00:10]} 37. Rd6 {[%emt 0:02:34]} Rg8+ {[%emt 0:00:51]} 38. Kf2 {[%emt 0:00:35]} f4 {[%emt 0:00:41]} 39. Qd1 {[%emt 0:00:56]} e3+ {[%emt 0:00:20]} 40. Kf1 {[%emt 0:00:00]} Bc8 {[%emt 0:00:00]} (40... Qf5 $142 41. Ng4 Rxg4) 41. Qf3 {[%emt 0:18:43]} Qc4+ {[%emt 0:11:05] Double Attack} 42. Rd3 {[%emt 0:02:18]} e4 {[%emt 0:00:53]} 43. Qxf4 {[%emt 0:01:29]} Bh3+ {[%emt 0:00:55]} 0-1

[Event "XIII Figueira da Foz Open 2019"]
[Site "Figueira da Foz"]
[Date "2019.11.01"]
[Round "7.13"]
[White "Dong, Fabio"]
[Black "Tadevosyan, Aspet"]
[Result "*"]
[WhiteElo "1410"]
[BlackElo "1998"]
[Annotator "NA RC"]
[PlyCount "32"]
[EventDate "2019.10.27"]
[EventType "swiss"]
[EventCountry "POR"]
[SourceTitle "playchess.com"]
[Source "ChessBase"]
[SourceQuality "1"]
[TimeControl "40/5400+30:1800+30"]

1. c4 e6 {[%emt 0:00:32]} 2. Nc3 {[%emt 0:00:00]} d5 {[%emt 0:00:00]} 3. d4 {[%emt 0:00:00]} Be7 {[%emt 0:00:00]} 4. cxd5 {[%emt 0:00:31]} exd5 {[%emt 0:06:07]} 5. Qc2 {[%emt 0:05:22]} Bf6 {[%emt 0:02:10]} 6. e3 {[%emt 0:02:26]} Ne7 {[%emt 0:01:15]} 7. Nf3 {[%emt 0:00:30]} Nbc6 {[%emt 0:02:08]} 8. a3 {[%emt 0:00:51]} Bf5 {[%emt 0:00:30]} 9. Bd3 {[%emt 0:02:55]} g6 {[%emt 0:01:20]} 10. O-O {[%emt 0:01:28]} O-O {[%emt 0:01:00]} 11. Bd2 {[%emt 0:00:30]} Bxd3 {[%emt 0:00:30]} 12. Qxd3 {[%emt 0:00:30]} Bg7 {[%emt 0:00:30]} 13. Rfe1 {[%emt 0:00:30]} a6 {[%emt 0:00:30]} 14. Rac1 {[%emt 0:00:30]} Na5 {[%emt 0:00:30]} 15. Qc2 {[%emt 0:00:30]} Nc4 {[%emt 0:00:30]} 16. Na2 {[%emt 0:00:30]} Rc8 {[%emt 0:00:30]} *

[Event "XIII Figueira da Foz Open 2019"]
[Site "Figueira da Foz"]
[Date "2019.11.01"]
[Round "7.13"]
[White "Dong, Fabio"]
[Black "Tadevosyan, Aspet"]
[Result "0-1"]
[WhiteElo "1410"]
[BlackElo "1998"]
[Annotator "NA RC"]
[PlyCount "82"]
[EventDate "2019.10.27"]
[EventType "swiss"]
[EventCountry "POR"]
[SourceTitle "playchess.com"]
[Source "ChessBase"]
[SourceQuality "1"]
[TimeControl "40/5400+30:1800+30"]

1. c4 e6 {[%emt 0:00:32]} 2. Nc3 {[%emt 0:00:00]} d5 {[%emt 0:00:00]} 3. d4 {[%emt 0:00:00]} Be7 {[%emt 0:00:00]} 4. cxd5 {[%emt 0:00:31]} exd5 {[%emt 0:06:07]} 5. Qc2 {[%emt 0:05:22]} Bf6 {[%emt 0:02:10]} 6. e3 {[%emt 0:02:26]} Ne7 {[%emt 0:01:15]} 7. Nf3 {[%emt 0:00:30]} Nbc6 {[%emt 0:02:08]} 8. a3 {[%emt 0:00:51]} Bf5 {[%emt 0:00:30]} 9. Bd3 {[%emt 0:02:55]} g6 {[%emt 0:01:20]} 10. O-O {[%emt 0:01:28]} O-O {[%emt 0:01:00]} 11. h3 {[%emt 0:00:30]} Re8 12. Bd2 {[%emt 0:08:45]} Bxd3 {[%emt 0:03:41]} 13. Qxd3 {[%emt 0:03:53]} Bg7 {[%emt 0:01:03]} 14. Rfe1 a6 {[%emt 0:03:51]} 15. Rac1 {[%emt 0:02:39]} Na5 {[%emt 0:00:31]} 16. Qc2 {[%emt 0:11:49]} Nc4 17. Na2 {[%emt 0:06:58]} Rc8 {[%emt 0:03:17]} 18. Bb4 $15 {[%emt 0:04:11]} Nc6 {[%emt 0:05:24]} 19. Nd2 {[%emt 0:03:15]} a5 {[%emt 0:02:35]} 20. Nxc4 axb4 21. Nd2 {[%emt 0:01:30]} bxa3 {[%emt 0:00:40]} 22. bxa3 {[%emt 0:00:43]} Qd6 {[%emt 0:09:12]} 23. Qb3 {[%emt 0:01:59]} b6 {[%emt 0:01:35]} 24. Nb4 {[%emt 0:02:59]} Ne7 {[%emt 0:01:16]} 25. Rc2 c5 {[%emt 0:00:18]} 26. dxc5 {[%emt 0:02:30]} bxc5 {[%emt 0:00:39]} 27. Na2 {[%emt 0:11:25]} Rb8 {[%emt 0:01:45]} 28. Qd3 {[%emt 0:01:47]} Red8 {[%emt 0:01:10]} 29. e4 {[%emt 0:00:59]} c4 30. Qe2 {[%emt 0:01:21]} c3 {[%emt 0:06:14]} 31. Nf3 d4 {[%emt 0:00:27]} 32. Qd3 {[%emt 0:02:06]} Qxa3 {[%emt 0:00:15]} 33. Rd1 Nc6 {[%emt 0:03:12]} 34. Qc4 {[%emt 0:05:15]} Rbc8 {[%emt 0:00:10]} 35. Qd3 {[%emt 0:03:46]} Qb3 {[%emt 0:01:13]} 36. Nc1 {[%emt 0:00:40]} Qe6 {[%emt 0:00:10]} 37. Ne2 {[%emt 0:02:04]} Nb4 {[%emt 0:02:19]} 38. Nexd4 Nxd3 {[%emt 0:00:03]} 39. Nxe6 {[%emt 0:02:37]} fxe6 {[%emt 0:00:00]} 40. Ng5 {[%emt 0:00:00]} Nb4 {[%emt 0:00:00]} 41. Rxd8+ {[%emt 0:02:24]} Rxd8 0-1

[Event "XIII Figueira da Foz Open 2019"]
[Site "Figueira da Foz"]
[Date "2019.11.01"]
[Round "7.14"]
[White "Correia, Mario"]
[Black "Silva, Mariana Sofia T."]
[Result "1/2-1/2"]
[WhiteElo "2140"]
[BlackElo "1880"]
[Annotator "TA"]
[PlyCount "89"]
[EventDate "2019.10.27"]
[EventType "swiss"]
[EventCountry "POR"]
[SourceTitle "playchess.com"]
[Source "ChessBase"]
[SourceQuality "1"]

{[%evp 14,89,0,13,33,18,10,22,66,66,54,12,17,0,8,0,0,-35,-33,-28,-27,-29,-16,-64,-53,-59,-52,-75,-74,-112,-32,-25,-26,-60,-56,-56,-7,-27,-9,-38,0,0,0,-27,0,-41,0,0,0,0,0,0,0,0,0,0,64,0,0,0,0,0,0,0,0,0,0,0,0,0,0,0,0,0,0,0,0,0]} 1. e4 c5 2. Nf3 g6 3. d4 cxd4 4. Nxd4 Nc6 5. Nc3 Bg7 6. Be3 Nf6 7. Bc4 O-O 8. Bb3 Re8 {B35: Sicilian: Accelerated Dragon with 5 Nc3: main line} 9. f3 e6 (9... d5 10. exd5 Nb4 11. Nde2 e6 12. d6 Nbd5 13. Bd4 Qxd6 14. Bxd5 exd5 15. Qd2 b5 16. Nxb5 {½-½ (26) Caruana,F (2819)-Dubov,D (2700) Paris 2019}) 10. f4 d5 11. e5 $1 {[%cal Re5f6]} Nd7 12. O-O $146 ({Predecessor:} 12. h4 Nb6 13. h5 Bd7 14. hxg6 hxg6 15. Qg4 Nxd4 16. Bxd4 {1-0 (32) Geller,J (2518)-Zwardon,V (2424) Pardubice 2018}) 12... a6 13. Qf3 Na5 14. Rad1 b5 {[%cal Bb7b5,Bb5b4][%mdl 32]} 15. a4 b4 $36 {[%mdl 2048] White is under pressure.} 16. Na2 Nxb3 17. cxb3 a5 18. Rc1 Bb7 $1 19. Nb5 Ba6 20. Nc7 Bxf1 21. Qxf1 {[#]} Rc8 (21... g5 $1 $17 22. g3 {[#]} (22. fxg5 Nxe5) 22... gxf4 $1 {[%mdl 512]} 23. gxf4 Kh8) 22. Nxe8 $15 Qxe8 23. Qb5 Rxc1+ 24. Nxc1 Qd8 (24... Qc8 $5 {[%cal Rd5d4]} 25. Ne2 (25. Qxa5 $2 d4 $19) 25... Bf8 $11) 25. Ne2 Bf8 26. Qc6 Nb8 27. Qb7 Nd7 28. Qc6 Nb8 29. Qb6 Be7 30. Kf2 Nd7 31. Qc6 Nb8 32. Qb7 Nd7 33. Qb5 Qc7 34. Nd4 Nc5 ({Black should try} 34... g5 $11 35. Qc6 Qd8) 35. Qe8+ (35. Ke2 $14) 35... Bf8 $11 {The position is equal.} 36. Nc6 {Intending Bxc5 and mate.} Kg7 37. f5 Ne4+ 38. Kf3 $1 {White threatens Bh6+! and mate.} gxf5 {White should prevent ...Bc5.} (38... exf5 39. e6) 39. Bh6+ {[%mdl 64] Decoy} Kxh6 40. Qxf8+ Kh5 {aiming for ...Ng5+.} 41. h3 {Strongly threatening g4+.} Qxc6 ({Much weaker is} 41... Ng5+ $6 42. Kf4 $18) 42. g4+ fxg4+ 43. hxg4+ Kg6 44. Qg8+ Kh6 {And now ...Qc5 would win.} 45. Qf8+ {Accuracy: White = 62%, Black = 65%.} 1/2-1/2

[Event "XIII Figueira da Foz Open 2019"]
[Site "Figueira da Foz"]
[Date "2019.11.01"]
[Round "7.15"]
[White "Fonseca, Rene Gil Bakker"]
[Black "Lisowski, Krzysztof"]
[Result "0-1"]
[WhiteElo "1338"]
[BlackElo "2179"]
[Annotator "TA"]
[PlyCount "84"]
[EventDate "2019.10.27"]
[EventType "swiss"]
[EventCountry "POR"]
[SourceTitle "playchess.com"]
[Source "ChessBase"]
[SourceQuality "1"]

{[%evp 12,83,31,14,60,36,46,34,33,18,18,11,25,18,145,146,162,0,59,60,56,50,75,62,56,70,107,106,108,112,175,86,272,44,63,20,27,28,33,14,14,0,14,0,0,0,11,-18,-18,-23,0,-32,-43,-522,-516,-514,-507,-723,-693,-677,-638,-29990,-29991,-29991,-29980,-29975,-5347,-29993,-29994,-29994,-29995,-29997,-29998,-29999]} 1. e4 c5 2. Nf3 Nc6 3. Bb5 g6 4. Bxc6 dxc6 5. d3 Bg7 6. h3 Nf6 7. O-O h6 {B31: Sicilian: 2...Nc6 3 Bb5 g6} 8. Be3 Nd7 9. Nc3 e5 {White is slightly better.} 10. Qd2 b6 11. a4 (11. Nh2 Nf6 12. a3 Be6 13. b4 Nd5 14. exd5 cxd5 15. Qe1 d4 16. Bd2 dxc3 17. Bxc3 {½-½ (33) Dominguez Perez,L (2763)-Abasov,N (2632) Khanty-Mansiysk 2019}) 11... a5 12. Ne2 f5 $146 (12... Ba6 $11 {remains equal.}) ({Predecessor:} 12... Nf8 13. c3 Ba6 14. Rfd1 Ne6 15. Ng3 {0-1 (33) Groffen,H-Abolianin,A (2275) Vlissingen 1995}) 13. exf5 $16 gxf5 14. Qc1 $2 (14. Ng3 $18) 14... Kf7 ({Black should play} 14... Bb7 $11) 15. Bd2 f4 $1 16. Nc3 Nf8 17. Ne4 Ne6 18. Bc3 Nd4 19. Bxd4 $1 cxd4 20. Re1 Be6 (20... Bf5 $16) 21. Qd1 (21. c3 $1 $18 {is the precise move to win.}) 21... Re8 $2 {[#]} (21... Qc7 $16 {was necessary.}) 22. Nfd2 $2 ({White must play} 22. Nxe5+ $1 $18 {[%mdl 512]} Kg8 (22... Bxe5 23. Qh5+) 23. Ng6) 22... Kg6 23. Nf1 Rf8 24. Nh2 Ra7 25. Qf3 Raf7 26. Nd2 Bd5 27. Qg4+ Kh7 $1 28. Ne4 Bh8 29. Qf3 Rg8 30. Qh5 Rg6 31. Ng4 Be6 {Threatens to win with ...Rf5.} 32. Nxe5 $4 {[%mdl 8192]} (32. Nh2 $1 $15) 32... Bxe5 $19 33. Qxe5 Bxh3 $1 34. g3 Rf5 {[%cal Bf7f5,Bf5h5,Bh5h2][%mdl 32]} 35. Nf6+ Qxf6 36. Qc7+ Rg7 37. Qc8 Rh5 38. Qe8 {[#]} fxg3 $1 {[%mdl 512]} 39. Qe4+ Bf5 {Black mates.} 40. Qf3 gxf2+ {[%mdl 64] Overworked Piece} 41. Kxf2 Rh2+ 42. Kf1 Bh3# {Accuracy: White = 29%, Black = 44%.} 0-1

[Event "XIII Figueira da Foz Open 2019"]
[Site "Figueira da Foz"]
[Date "2019.11.01"]
[Round "7.16"]
[White "Soares, Luis Francisco Almei"]
[Black "Puglia, Francesco"]
[Result "0-1"]
[WhiteElo "2024"]
[BlackElo "1916"]
[Annotator "NA RC"]
[PlyCount "84"]
[EventDate "2019.10.27"]
[EventType "swiss"]
[EventCountry "POR"]
[SourceTitle "playchess.com"]
[Source "ChessBase"]
[SourceQuality "1"]
[TimeControl "40/5400+30:1800+30"]

1. e4 {[%emt 0:00:00]} Nf6 {[%emt 0:02:39]} 2. e5 {[%emt 0:00:21]} Ng8 {[%emt 0:00:06]} 3. d4 {[%emt 0:00:36]} d5 {[%emt 0:00:02]} 4. Nf3 {[%emt 0:01:23]} c5 {[%emt 0:00:28]} 5. c3 {[%emt 0:01:01]} Nc6 {[%emt 0:00:24]} 6. Bb5 {[%emt 0:02:28]} Bg4 {[%emt 0:03:38]} 7. Bxc6+ {[%emt 0:04:03]} bxc6 {[%emt 0:00:04]} 8. dxc5 {[%emt 0:00:26]} Qc7 {[%emt 0:08:25]} 9. Bf4 {[%emt 0:01:12]} a5 {[%emt 0:05:37]} 10. O-O {[%emt 0:03:07]} e6 {[%emt 0:03:30]} 11. b4 {[%emt 0:02:21]} axb4 {[%emt 0:00:30]} 12. cxb4 {[%emt 0:00:14]} g5 {[%emt 0:00:34]} 13. Bg3 {[%emt 0:03:37]} h5 {[%emt 0:01:09]} 14. h3 {[%emt 0:00:55]} Bxf3 {[%emt 0:01:01]} 15. Qxf3 {[%emt 0:00:28]} g4 {[%emt 0:00:14]} 16. hxg4 {[%emt 0:01:14]} hxg4 {[%emt 0:00:02]} 17. Qxg4 {[%emt 0:03:28]} Nh6 {[%emt 0:00:14]} 18. Qe2 {[%emt 0:04:56]} Nf5 {[%emt 0:02:14]} 19. Nd2 {[%emt 0:00:38]} f6 {[%emt 0:03:31]} 20. exf6 {[%emt 0:02:36]} Qh7 {[%emt 0:00:53]} 21. Qxe6+ {[%emt 0:03:11]} Kd8 {[%emt 0:00:18]} 22. f3 {[%emt 0:01:51]} Bh6 {[%emt 0:16:44]} 23. f4 {[%emt 0:08:51]} Nxg3 {[%emt 0:10:56]} 24. Qd6+ {[%emt 0:03:34]} Qd7 {[%emt 0:01:30]} 25. Qxd7+ {[%emt 0:00:43]} Kxd7 {[%emt 0:00:01]} 26. Rf3 {[%emt 0:02:20]} Nh5 {[%emt 0:00:36]} 27. g3 {[%emt 0:01:17]} Nxf6 {[%emt 0:00:16]} 28. Rd3 {[%emt 0:02:37]} Bg7 {[%emt 0:05:12]} 29. Nc4 {[%emt 0:07:59]} Ke6 {[%emt 0:09:17]} 30. Nb6 {[%emt 0:02:46]} (30. Nd6 $17) 30... Rad8 {[%emt 0:01:01]} ({Black should try} 30... Ne4 $19 31. Nxa8 Bxa1) 31. a4 {[%emt 0:02:31]} (31. Re1+ $15 Ne4 32. Kg2) 31... Ne4 {[%emt 0:01:38]} 32. Ra2 $2 {[%emt 0:01:25]} (32. Re1 {was the only chance.}) 32... Kf5 {[%emt 0:02:20]} 33. a5 {[%emt 0:01:55] [#]} Bc3 $15 {[%emt 0:02:20]} (33... Nc3 $1 $19 {[%cal Rc3a2]} 34. Rc2 Ke4) 34. Ra4 {[%emt 0:04:59]} Rh7 {[%emt 0:00:29]} 35. Kg2 {[%emt 0:01:58]} Rdh8 {[%emt 0:01:32]} 36. a6 {[%emt 0:04:35]} Kg4 {[%emt 0:01:29]} 37. Rd1 {[%emt 0:04:19]} Rh2+ {[%emt 0:04:12]} 38. Kf1 {[%emt 0:00:19]} Rf2+ {[%emt 0:00:57]} 39. Kg1 {[%emt 0:00:28]} Rhh2 {[%emt 0:00:11]} 40. Rd3 {[%emt 0:00:00]} Rhg2+ {[%emt 0:00:00]} 41. Kh1 {[%emt 0:03:17]} Nxg3+ {[%emt 0:02:09]} 42. Rxg3+ {[%emt 0:00:04]} Kxg3 {[%emt 0:00:10]} 0-1

[Event "XIII Figueira da Foz Open 2019"]
[Site "Figueira da Foz"]
[Date "2019.11.01"]
[Round "7.17"]
[White "Barrento, Jorge Maria Lopes"]
[Black "Gama, Joao Goncalo Cerejei"]
[Result "0-1"]
[WhiteElo "1739"]
[BlackElo "1712"]
[Annotator "NA RC"]
[PlyCount "45"]
[EventDate "2019.10.27"]
[EventType "swiss"]
[EventCountry "POR"]
[SourceTitle "playchess.com"]
[Source "ChessBase"]
[SourceQuality "1"]
[TimeControl "40/5400+30:1800+30"]

1. d4 {[%emt 0:05:58]} Nf6 2. Nc3 {[%emt 0:00:09]} d5 {[%emt 0:00:00]} 3. Bf4 {[%emt 0:00:01]} Bf5 {[%emt 0:00:00]} 4. e3 {[%emt 0:00:18]} e6 {[%emt 0:00:02]} 5. Nb5 {[%emt 0:00:53]} Na6 {[%emt 0:00:14]} 6. a4 {[%emt 0:00:02]} c6 {[%emt 0:01:49]} 7. Na3 {[%emt 0:02:11]} Qb6 {[%emt 0:08:57]} 8. Bd3 {[%emt 0:08:57]} Qxb2 {[%emt 0:15:08]} 9. e4 {[%emt 0:06:40]} Bb4+ {[%emt 0:05:58]} 10. Kf1 {[%emt 0:02:38]} Bxe4 {[%emt 0:06:49]} 11. Bxe4 {[%emt 0:06:45]} Nxe4 {[%emt 0:00:47]} 12. Qc1 {[%emt 0:00:32]} Qxd4 {[%emt 0:08:18]} 13. Be3 {[%emt 0:00:31]} Qf6 {[%emt 0:01:25]} 14. Nf3 {[%emt 0:07:35]} Bc5 {[%emt 0:07:55]} 15. Rb1 {[%emt 0:06:33]} Bxe3 {[%emt 0:01:00]} 16. Qxe3 {[%emt 0:01:37]} Nac5 {[%emt 0:00:39]} 17. Nd2 {[%emt 0:02:23]} Nxd2+ {[%emt 0:04:10]} 18. Qxd2 {[%emt 0:00:02]} O-O {[%emt 0:00:16]} 19. Qb4 {[%emt 0:04:08]} Qe7 {[%emt 0:04:12]} 20. h4 {[%emt 0:01:38]} a5 {[%emt 0:01:30]} 21. Qg4 {[%emt 0:04:01]} Ne4 {[%emt 0:00:59]} 22. Ra1 {[%emt 0:01:42]} Qf6 {[%emt 0:00:29]} 23. Nb1 0-1

[Event "XIII Figueira da Foz Open 2019"]
[Site "Figueira da Foz"]
[Date "2019.11.01"]
[Round "7.18"]
[White "Goncalves, Lucas Jordao"]
[Black "Correia, Pedro Mourao Soares"]
[Result "1/2-1/2"]
[WhiteElo "1447"]
[BlackElo "1529"]
[Annotator "NA RC"]
[PlyCount "89"]
[EventDate "2019.10.27"]
[EventType "swiss"]
[EventCountry "POR"]
[SourceTitle "playchess.com"]
[Source "ChessBase"]
[SourceQuality "1"]
[TimeControl "40/5400+30:1800+30"]

1. e4 {[%emt 0:00:00]} d5 {[%emt 0:01:32]} 2. exd5 {[%emt 0:00:16]} Nf6 {[%emt 0:00:03]} 3. Nf3 {[%emt 0:00:26]} Nxd5 {[%emt 0:00:35]} 4. d4 {[%emt 0:00:09]} Bf5 {[%emt 0:01:11]} 5. c4 {[%emt 0:00:35]} Nb4 {[%emt 0:04:31]} 6. Qa4+ {[%emt 0:00:06]} N8c6 {[%emt 0:00:07]} 7. Na3 {[%emt 0:00:20]} e6 {[%emt 0:02:00]} 8. Be3 {[%emt 0:00:55]} Be7 {[%emt 0:08:36]} 9. Be2 {[%emt 0:00:24]} O-O {[%emt 0:03:11]} 10. O-O {[%emt 0:00:34]} a5 {[%emt 0:09:19]} 11. Rfd1 {[%emt 0:01:08]} Bf6 {[%emt 0:01:17]} 12. d5 {[%emt 0:03:24]} exd5 {[%emt 0:01:47]} 13. cxd5 {[%emt 0:00:06]} Nxd5 {[%emt 0:01:34]} 14. Bd4 {[%emt 0:01:38]} Nxd4 {[%emt 0:10:22]} 15. Nxd4 {[%emt 0:01:02]} Be6 {[%emt 0:06:27]} 16. Nxe6 {[%emt 0:05:55]} fxe6 {[%emt 0:00:51]} 17. Qc2 {[%emt 0:03:39]} Qe7 {[%emt 0:03:28]} 18. Nb5 {[%emt 0:02:58]} Qf7 {[%emt 0:03:47]} 19. Bf3 {[%emt 0:00:25]} c6 {[%emt 0:01:47]} 20. Nd6 Qd7 {[%emt 0:03:40]} 21. Nc4 {[%emt 0:01:26]} Qc7 {[%emt 0:04:41]} 22. Re1 {[%emt 0:01:03]} Nb4 {[%emt 0:02:17]} 23. Qe2 {[%emt 0:02:27]} Rae8 {[%emt 0:02:49]} 24. a3 {[%emt 0:00:31]} Nd5 {[%emt 0:01:32]} 25. Ne5 {[%emt 0:01:42]} Bxe5 {[%emt 0:03:35]} 26. Qxe5 {[%emt 0:00:23]} Qxe5 {[%emt 0:01:23]} 27. Rxe5 {[%emt 0:00:06]} Rf6 {[%emt 0:03:53]} 28. Rae1 {[%emt 0:00:16]} Kf7 {[%emt 0:00:44]} 29. Bxd5 {[%emt 0:01:06]} cxd5 {[%emt 0:00:47]} 30. R5e3 {[%emt 0:00:03]} Rc8 {[%emt 0:01:03]} 31. Rb3 {[%emt 0:00:08]} Rc7 {[%emt 0:01:04]} 32. Rb5 {[%emt 0:00:05]} Rf4 {[%emt 0:03:06]} 33. Rxa5 {[%emt 0:00:10]} Rc2 {[%emt 0:00:29]} 34. Rb5 {[%emt 0:00:34]} Rfxf2 {[%emt 0:00:43]} 35. Rxb7+ {[%emt 0:02:59]} Ke8 {[%emt 0:06:29]} 36. Rxe6+ {[%emt 0:02:44]} Kf8 {[%emt 0:00:47]} 37. Ra6 {[%emt 0:00:09]} Rxg2+ {[%emt 0:00:42]} 38. Kf1 {[%emt 0:00:05]} Rgf2+ {[%emt 0:03:25]} 39. Kg1 {[%emt 0:01:03]} Rg2+ {[%emt 0:00:24]} 40. Kf1 {[%emt 0:00:00]} Rcf2+ {[%emt 0:00:00]} 41. Ke1 {[%emt 0:00:19]} Re2+ {[%emt 0:00:49]} 42. Kf1 {[%emt 0:00:07]} Rgf2+ {[%emt 0:00:20]} 43. Kg1 {[%emt 0:00:07]} Rg2+ {[%emt 0:00:09]} 44. Kf1 {[%emt 0:00:04]} Rc2 45. Ra8+ {Rce2 Ra6} 1/2-1/2